Создание модели экспертной системы оценки результатов научных мероприятий; Информационные технологии в науке, управлении, социальной сфере и медицине

Bibliografske podrobnosti
Parent link:Информационные технологии в науке, управлении, социальной сфере и медицине.— 2015.— [С. 644-645]
Glavni avtor: Гуляева К. В.
Korporativna značnica: Национальный исследовательский Томский политехнический университет (ТПУ) Институт кибернетики (ИК) Кафедра прикладной математики (ПМ)
Drugi avtorji: Орлов О. В. Олег Викторович
Izvleček:Заглавие с титульного экрана
It is essentially to use innovative educational technology in the educational process of the university. Expert evaluation of student work is one of them. The existent methods of expert assessment are highlighted and stages of expert decision support system are presented in this paper.
Jezik:ruščina
Izdano: 2015
Serija:Информационные технологии в государственном управлении и социальной сфере
Teme:
Online dostop:http://earchive.tpu.ru/handle/11683/17251
http://www.lib.tpu.ru/fulltext/c/2015/C24/280.pdf
Format: MixedMaterials Elektronski Book Chapter
KOHA link:https://koha.lib.tpu.ru/cgi-bin/koha/opac-detail.pl?biblionumber=614050

MARC

LEADER 00000naa2a2200000 4500
001 614050
005 20231101132804.0
035 |a (RuTPU)RU\TPU\conf\12214 
035 |a RU\TPU\conf\12212 
090 |a 614050 
100 |a 20150907d2015 k y0rusy50 ca 
101 0 |a rus  |d eng 
102 |a RU 
105 |a y z 101zy 
135 |a drcn ---uucaa 
181 0 |a i  
182 0 |a b 
200 1 |a Создание модели экспертной системы оценки результатов научных мероприятий  |d The development of expert system model for the evaluation of research activities results  |f К. В. Гуляева, О. В. Орлов 
203 |a Текст  |c электронный 
225 1 |a Информационные технологии в государственном управлении и социальной сфере 
230 |a 1 компьютерный файл (pdf; 551 Kb) 
300 |a Заглавие с титульного экрана 
320 |a [Библиогр.: с. 645 (2 назв.)] 
330 |a It is essentially to use innovative educational technology in the educational process of the university. Expert evaluation of student work is one of them. The existent methods of expert assessment are highlighted and stages of expert decision support system are presented in this paper. 
337 |a Adobe Reader 
463 0 |0 (RuTPU)RU\TPU\conf\11725  |t Информационные технологии в науке, управлении, социальной сфере и медицине  |o сборник научных трудов II Международной конференции, 19-22 мая 2015 г., Томск  |f Национальный исследовательский Томский политехнический университет (ТПУ) ; ред. кол. О. Г. Берестнева [и др.]  |v [С. 644-645]  |d 2015 
510 1 |a The development of expert system model for the evaluation of research activities results  |z eng 
610 1 |a труды учёных ТПУ 
610 1 |a электронный ресурс 
610 1 |a экспертные системы 
610 1 |a образовательный процесс 
610 1 |a инновационные технологии 
610 1 |a интерфейсы 
610 1 |a ТПУ 
700 1 |a Гуляева  |b К. В. 
701 1 |a Орлов  |b О. В.  |c российский ученый, специалист в области математического моделирования  |c доцент Томского политехнического университета, кандидат технических наук  |f 1955-  |g Олег Викторович  |2 stltpush  |3 (RuTPU)RU\TPU\pers\25546 
712 0 2 |a Национальный исследовательский Томский политехнический университет (ТПУ)  |b Институт кибернетики (ИК)  |b Кафедра прикладной математики (ПМ)  |h 130  |2 stltpush  |3 (RuTPU)RU\TPU\col\18700 
801 2 |a RU  |b 63413507  |c 20210129  |g RCR 
856 4 |u http://earchive.tpu.ru/handle/11683/17251 
856 4 |u http://www.lib.tpu.ru/fulltext/c/2015/C24/280.pdf 
942 |c BK